01070naa a2200181 i 45000010002000000030009000020050017000110080039000280400021000670410008000880440008000961000143001042450113002475000124003606550030004847110094005147730280006087KOSZ 00520191005132641.0151024s1998 pl f |100 0 eng cBPKdKOSZ 005/HR aeng aPOL1 aJanke, WłodzimierzeAutord1996 - .bPolitechnika Koszalińska - Wydział Elektroniki,cKatedra Elementów i Miernictwa Elektronicznego10aFast measurements of bipolar transistor thermal resistanceby D.C. method /cWłodzimierz Janke, A. Jurewicz. asprawozdanie jednostki (Informator o publikowanych wynikach prac naukowo-badawczych w 2002 roku Wydziału Elektroniki). 0aMateriały konferencyjne.22aWorkshop Microtechnology and Thermal Problems in Electronicsd(1998 ;cZakopane, Polska).0 iW :tWorkshop Microtechnology and Thermal Problems in Electronics Microtherm'98 : Zakopane September 21-27 1998 : The Seminar Thermic'98 / [ed. M. Langer, Z. Lisik, J. Podgórski].dŁódź : Institute of Electronics Technical University of Łódź, 1998. -z8387202665